[Event "KM FIDE GP 2015"]
[Site "Khanty-Mansiysk RUS"]
[Date "2015.05.25"]
[Round "10.6"]
[White "Jakovenko, Dmitry"]
[Black "Karjakin, Sergey"]
[Result "1-0"]
[WhiteTitle "GM"]
[BlackTitle "GM"]
[WhiteElo "2738"]
[BlackElo "2753"]
[WhiteFideId "4122356"]
[BlackFideId "14109603"]
[EventDate "2015.05.14"]

1. d4 Nf6 2. c4 e6 3. Nf3 d5 4. Nc3 c6 5. e3 Nbd7 6. Qc2 Bd6 7. Bd3 O-O 8. O-O
dxc4 9. Bxc4 a6 10. Rd1 b5 11. Bd3 Qc7 12. Bd2 c5 13. Ne4 c4 14. Nxd6 Qxd6 15.
Be2 Bb7 16. b3 Rfc8 17. Qb2 Rab8 18. Rac1 h6 19. Ne5 cxb3 20. axb3 Rxc1 21. Rxc1
Nxe5 22. dxe5 Qd5 23. f3 Ng4 24. Bb4 Rd8 25. Bd6 Nxe3 26. Rc5 Rxd6 27. Rxd5 Rxd5
28. Qc3 Nf5 29. Kf2 Rd7 30. g4 Ne7 31. f4 g6 32. h4 Kg7 33. Bd3 Nc6 34. Be4 Ne7
35. Bd3 Nc6 36. f5 b4 37. f6+ Kg8 38. Qc1 Nxe5 39. Be2 Nd3+ 40. Bxd3 Rxd3 41.
Ke2 Rf3 42. g5 Rc3 43. Qf4 Rc8 44. Qd6 Be4 45. gxh6 g5 46. Qxb4 Bf5 47. hxg5 Kh7
48. Qb7 Rc2+ 49. Kd1 Bg6 50. b4 Rc4 51. Qe7 Bh5+ 52. Ke1 Re4+ 53. Kf2 Rg4 54.
Qc5 Rf4+ 55. Kg3 Rf5 56. Qe3 Bg6 57. Kh4 Rd5 58. Qb6 Bf5 59. Kg3 Kg6 60. Qa7
Rd3+ 61. Kf4 Rh3 62. Ke5 Rh4 63. Qe7 Rh5 64. Qf8 Rxg5 65. Kd6 1-0

[Event "KM FIDE GP 2015"]
[Site "Khanty-Mansiysk RUS"]
[Date "2015.05.26"]
[Round "11.5"]
[White "Svidler, Peter"]
[Black "Jobava, Baadur"]
[Result "1-0"]
[WhiteTitle "GM"]
[BlackTitle "GM"]
[WhiteElo "2734"]
[BlackElo "2699"]
[WhiteFideId "4102142"]
[BlackFideId "13601520"]
[EventDate "2015.05.14"]

1. e4 e6 2. d4 d5 3. Nc3 dxe4 4. Nxe4 Bd7 5. Nf3 Bc6 6. Bd3 Nd7 7. Qe2 Be7 8.
Neg5 Bxg5 9. Nxg5 h6 10. Nf3 Qf6 11. Ne5 Nxe5 12. Qxe5 O-O-O 13. Be3 Qe7 14.
O-O-O Nf6 15. f3 g5 16. c4 b6 17. Bd2 Nh5 18. d5 f6 19. Qe2 Ba4 20. b3 Bd7 21.
g4 Ng7 22. Kb1 h5 23. h3 Qf7 24. Bc3 Kb8 25. Be4 Bc8 26. Rhe1 hxg4 27. hxg4 Bb7
28. dxe6 Bxe4+ 29. Qxe4 Rxd1+ 30. Rxd1 Nxe6 31. Qf5 Rh6 32. Rd2 Qg6 33. Qxg6
Rxg6 34. Rd5 Rh6 35. Rf5 Rh1+ 36. Kb2 Rh2+ 37. Kb1 Rh1+ 38. Kb2 Rh2+ 39. Ka3 a5
40. Rxf6 Re2 41. Rf5 Rf2 42. Re5 Nf4 43. Rxg5 Rxf3 44. Kb2 Nd3+ 45. Kc2 Nb4+ 46.
Bxb4 axb4 47. Rf5 Rg3 48. g5 Kc8 49. Kd2 Kd7 50. Ke2 Ke6 51. Rb5 Rg2+ 52. Kf3
Rxa2 53. Rxb4 Ra1 54. Rb5 Kf7 55. Ke4 Rd1 56. b4 Re1+ 57. Kd5 Re6 58. Kd4 Re1
59. c5 Rd1+ 60. Ke4 Re1+ 61. Kd5 Re6 62. Kd4 Rg6 63. cxb6 cxb6 64. Re5 Rc6 65.
Kd5 Rc1 66. Kd6 1-0